The Usborne book of Castle Tales / (Record no. 49237)
| 000 -LEADER | |
|---|---|
| fixed length control field | 00398nam a2200121 4500 |
| 020 ## - INTERNATIONAL STANDARD BOOK NUMBER | |
| International Standard Book Number | 9780746025161 |
| 100 ## - MAIN ENTRY--PERSONAL NAME | |
| Personal name | Amery, Heather, |
| Relator term | author. |
| 9 (RLIN) | 25930 |
| 245 ## - TITLE STATEMENT | |
| Title | The Usborne book of Castle Tales / |
| Statement of responsibility, etc | written by Heather Amery, Illustrated by Stephen Cartwright. |
| 260 ## - PUBLICATION, DISTRIBUTION, ETC. (IMPRINT) | |
| Place of publication, distribution, etc | UK. : |
| Name of publisher, distributor, etc | Usborne Pub Ltd. |
| Date of publication, distribution, etc | 2003. |
| 300 ## - PHYSICAL DESCRIPTION | |
| Extent | 64 pages. |
| 650 ## - SUBJECT ADDED ENTRY--TOPICAL TERM | |
| 9 (RLIN) | 73668 |
| Topical term or geographic name as entry element | Castle |
| Form subdivision | Juvenile Literature |
| 942 ## - ADDED ENTRY ELEMENTS (KOHA) | |
| Source of classification or shelving scheme | |
| Koha item type | Book |
| Withdrawn status | Lost status | Source of classification or shelving scheme | Damaged status | Not for loan | Home library | Current library | Date acquired | Total Checkouts | Full call number | Barcode | Date last seen | Price effective from | Koha item type |
|---|---|---|---|---|---|---|---|---|---|---|---|---|---|
| Logos International School | Logos International School | 08/11/2025 | J 728.81 AME | 042835 | 08/12/2025 | 08/11/2025 | Book |